Actors who worked with Alfred Hitchcock - Statistics

General Stats
  • This quiz has been taken 132 times
  • The average score is 29 of 123
Answer Stats
Films Answer % Correct
North by Northwest | Notorious, Suspicion Cary Grant
89%
Rear Window, Dial M for Murder Grace Kelly
88%
Vertigo, Rear Window, Rope, The Man Who Knew Too Much James Stewart
86%
Psycho Janet Leigh
77%
Psycho Anthony Perkins
76%
The Birds, Marnie Tippi Hedren
71%
Notorious, Spellbound, Under Capricorn Ingrid Bergman
64%
Marnie Sean Connery
59%
Vertigo Kim Novak
53%
North by Northwest Eva Marie Saint
52%
Rebecca, Suspicion Joan Fontaine
52%
Torn Curtain Julie Andrews
48%
Dial M for Murder Ray Milland
48%
Rebecca Laurence Olivier
47%
Spellbound, The Paradine Case Gregory Peck
45%
Torn Curtain Paul Newman
45%
The Man Who Knew Too Much Doris Day
44%
The Wrong Man Henry Fonda
42%
North by Northwest James Mason
39%
I Confess Montgomery Clift
39%
Rope, Strangers on a Train Farley Granger
38%
Foreign Correspondent Laraine Day
38%
The 39 Steps Robert Donat
38%
The Birds Rod Taylor
36%
Psycho | The Wrong Man Vera Miles
36%
Notorious Claude Rains
35%
Jamaica Inn, The Paradine Case Charles Laughton
33%
Shadow of a Doubt, Under Capricorn Joseph Cotten
33%
The Trouble with Harry Shirley MacLaine
33%
Rear Window Thelma Ritter
33%
North by Northwest Martin Landau
32%
Psycho Martin Balsam
30%
The Man Who Knew Too Much Bernard Miles
29%
Dial M for Murder, Saboteur Robert Cummings
29%
Rebecca Judith Anderson
27%
Jamaica Inn Maureen O'Hara
27%
Strangers on a Train Robert Walker
27%
Vertigo Barbara Bel Geddes
26%
Lifeboat Tallulah Bankhead
26%
The Birds Jessica Tandy
24%
North by Northwest, Strangers on a Train, Spellbound, Suspicion, The Paradine Case Leo G. Carroll
24%
Shadow of a Doubt Teresa Wright
24%
I Confess Anne Baxter
23%
Vertigo Henry Jones
23%
Stage Fright Marlene Dietrich
23%
Rear Window Raymond Burr
23%
Stage Fright Jane Wyman
21%
The 39 Steps, Secret Agent Madeleine Carroll
21%
Rebecca, Foreign Correspondent George Sanders
20%
Foreign Correspondent Joel McCrea
20%
Dial M for Murder John Williams
20%
Family Plot Bruce Dern
18%
The Lodger, Downhill Ivor Novello
18%
The Trouble with Harry John Forsythe
18%
Psycho John Gavin
18%
The Lady Vanishes Margaret Lockwood
18%
The Lady Vanishes Michael Redgrave
18%
Mr. & Mrs. Smith Robert Montgomery
18%
Mr. & Mrs. Smith Carole Lombard
17%
Rope John Dall
17%
Frenzy Jon Finch
17%
The Lady Vanishes, Suspicion May Whitty
17%
The Paradine Case Alida Valli
15%
Family Plot Karen Black
15%
I Confess Karl Malden
15%
The Ring Lillian Hall-Davis
15%
Rear Window Wendell Corey
15%
The Paradine Case Ann Todd
14%
Frenzy Barry Foster
14%
Marnie Martin Gabel
14%
Sabotage Oskar Homolka
14%
Stage Fright Richard Todd
14%
Strangers on a Train Ruth Roman
14%
Frenzy Barbara Leigh-Hunt
12%
Marnie Diane Baker
12%
Sabotage Sylvia Sidney
12%
The Birds Veronica Cartwright
12%
Family Plot Barbara Harris
11%
Mr. & Mrs. Smith Gene Raymond
11%
Foreign Correspondent, Murder! Herbert Marshall
11%
Torn Curtain Lila Kedrova
11%
Spellbound Michael Chekhov
11%
Stage Fright, Under Capricorn Michael Wilding
11%
Suspicion Nigel Bruce
11%
Saboteur Priscilla Lane
11%
Vertigo Tom Helmore
11%
Lifeboat William Bendix
11%
Blackmail Anny Ondra
9%
The Wrong Man Anthony Quayle
9%
Notorious Leopoldine Konstantin
9%
Shadow of a Doubt Macdonald Carey
9%
Saboteur Otto Kruger
9%
The Man Who Knew Too Much Brenda De Banzie
8%
Suspicion Cedric Hardwicke
8%
Psycho Frank Albertson
8%
Psycho John McIntire
8%
Young and Innocent Nova Pilbeam
8%
The Lady Vanishes Paul Lukas
8%
Psycho Simon Oakland
8%
The Ring Carl Brisson
6%
Topaz Frederick Stafford
6%
The Ring Ian Hunter
6%
Strangers on a Train Kasey Rogers
6%
Jamaica Inn Robert Newton
6%
Blackmail Charles Paton
5%
Topaz Dany Robin
5%
Sabotage Desmond Tester
5%
Rope Edith Evanson
5%
Murder! Edward Chapman
5%
The 39 Steps Godfrey Tearle
5%
Torn Curtain Hansjörg Felmy
5%
The Wrong Man Harold J. Stone
5%
Mr. & Mrs. Smith Jack Carson
5%
Rope Joan Chandler
5%
Topaz John Vernon
5%
The 39 Steps Lucie Mannheim
5%
The Lodger Marie Ault
5%
Murder! Norah Baring
5%
Young and Innocent, Secret Agent Percy Marmont
5%
The Man Who Knew Too Much Ralph Truman
5%
Blackmail Sara Allgood
5%
No matching quizzes found
Score Distribution
Percent of People with Each Score
Percentile by Number Answered
Your Score History
You have not taken this quiz